Canzoni di Tony Boy - Statistics

Statistiche generali
  • Questo quiz è stato fatto 380 volte
    220 dall'ultimo reset
  • Il punteggio medio è 71 su 117
Statistiche sulle risposte
Album Anno Feat Risposta % Corretto
Umile 2023 Shiva Umile
85%
Umile 2023 Frah Quintale Correre
84%
UFORIA 2025 Lazza Step
83%
Going Hard 3 2024 ANNA Codeine
81%
Going Hard 3 2024 Frah Quintale, Capo Plaza Non mi basta mai
81%
NOSTALGIA(Export) 2024 Artie 5ive Fortuna
80%
UFORIA 2025 Simba La Rue Oppio
80%
Umile 2023 Artie 5ive Victoria
80%
Going Hard 3 2024 Shiva Perdono
79%
Umile(Deluxe) 2023 - Dentro la mia testa
77%
UFORIA 2025 thasup, Finesse Tu ed io
77%
Umile 2023 Kid Yugi Business
76%
Going Hard 2 2021 - Oltre
76%
NOSTALGIA(Export) 2024 - Shottini di Lean
76%
UFORIA 2025 Shiva Società
76%
Going Hard 2 2021 Yamba Bicchieri di plastica
75%
Going Hard 2 2021 - Maledetta primavera
74%
UFORIA 2025 Glocky Wet
74%
- 2018 - Sogni
72%
Going Hard 3 2024 - Stanza
72%
UFORIA 2025 Glocky Davvr Davvr
71%
Going Hard 3 2024 - Bnb life
70%
Going Hard 2 2021 - Gg
70%
Going Hard 3 2024 Kid Yugi Nn so se
70%
Non C'è Futuro 2019 - Ossigeno
70%
Going Hard 3 2024 Artie 5ive Per te lascio il party
70%
Umile(Deluxe) 2023 - Triste 178
70%
Going Hard 2 2021 - Sesto senso
69%
Going Hard 2 2021 - Settembre dentro
69%
UFORIA 2025 Guè Zio
69%
Going Hard 2 2021 - 7 am
68%
Going Hard 2 2021 - Come mi guardi
68%
NOSTALGIA(Export) 2024 - Medico
68%
Umile 2023 - Sogni di lean
68%
Going Hard 3 2024 - In automatico
67%
Going Hard 3 2024 - Tutti i giorni
67%
Going Hard 2 2021 - Ancora qua
66%
UFORIA 2025 - Anomalia
66%
Umile(Deluxe) 2023 - Mischiare le carte
66%
Umile 2023 Astro, Nerissima Serpe Non è facile
66%
NOSTALGIA(Export) 2024 - Swiss
66%
Going Hard 3 2024 Nardo Wick Etc
65%
Umile 2023 - Mentre il mondo crolla
65%
Going Hard 2020 - Ok
65%
Going Hard 3 2024 - Segnali di fumo
65%
NOSTALGIA(Export) 2024 - Guerra
64%
Umile 2023 - HOT
64%
UFORIA 2025 - Lacrime
64%
Going Hard 3 2024 - Lavoro
64%
Going Hard 2020 - Per sempre
64%
Umile 2023 - Diretto al top
63%
Umile(Deluxe) 2023 - Guai
63%
NOSTALGIA(Export) 2024 - Hard
63%
Going Hard 3 2024 - Leanin'
63%
Umile 2023 Vale Pain Progressi
63%
Non C'è Futuro 2019 - Suite
63%
Going Hard 2020 - Traffico
63%
UFORIA 2025 - Uap
63%
UFORIA 2025 Astro Vabbè
63%
UFORIA 2025 - 2000 Pensieri
62%
Umile 2023 - Angeli
62%
UFORIA 2025 Kevin Mopao Bank account
62%
Umile(Deluxe) 2023 - Ego
62%
UFORIA 2025 - Ibiza
62%
NOSTALGIA(Export) 2024 - Sei del Mattino
62%
Going Hard 3 2024 - Cerchio
61%
Going Hard 2020 - Energia
61%
UFORIA 2025 - Passa il tempo
61%
NOSTALGIA(Export) 2024 - Si si
61%
Going Hard 3 2024 - Total Black
61%
Umile 2023 - Amnesia
60%
NOSTALGIA(Export) 2024 - Lei Resta
59%
Umile 2023 - Storia
59%
Umile 2023 - Che ne sai
58%
Going Hard 3 2024 - Respiro
58%
UFORIA 2025 - Cemento attorno
57%
Going Hard 2020 MR Rizzus Danza dei soldi
57%
Going Hard 3 2024 - Fino all'alba
57%
UFORIA 2025 - Isolato
57%
NOSTALGIA(Export) 2024 - Kid
57%
NOSTALGIA(Export) 2024 - Vienitela a Prendere
57%
Non C'è Futuro 2019 Dium Vuoto
57%
Going Hard 2 2021 Slings Emoji della traphouse
56%
- 2018 - Futuro
56%
Going Hard 3 2024 - Il tempo cura
56%
Going Hard 2 2021 - Piumini
56%
Going Hard 2020 - Brutti voti
55%
. 2019 - Routine
55%
Going Hard 3 2024 - Fare Presto
54%
Going Hard 3 2024 - Fino a domani
54%
Going Hard 2020 Dutch Nazari Sembra facile
53%
Umile 2023 - Up Down
53%
NOSTALGIA(Export) 2024 - Backup
52%
Going Hard 2020 - Gas
52%
Going Hard 2 2021 - Lockdown
51%
NOSTALGIA(Export) 2024 - My Dawg
51%
UFORIA 2025 - Uragano
51%
Going Hard 2 2021 Touchè Da soli
50%
UFORIA 2025 - Giusto
49%
Non C'è Futuro 2019 - Introverso
49%
NOSTALGIA(Export) 2024 - Sono Così
49%
- 2022 Finesse, Nardi Emozioni
48%
Non C'è Futuro 2019 - Segreti
48%
- 2022 Finesse, Nardi Vincere Adesso
48%
UFORIA 2025 - Ci Credi
47%
Going Hard 2020 - Jungla
46%
Going Hard 2020 - Un buon motivo
45%
- 2019 - Fratello
42%
Non C'è Futuro 2019 - Infinito
42%
- 2020 - 1999
41%
- 2023 Sick Luke Rock'n'roll
41%
Non C'è Futuro 2019 - Sincero
40%
- 2018 - Adesso
36%
- 2022 Wairaki Senza Invito
33%
- 2018 - Lontano
32%
- 2020 MR Rizzus Champagne
30%
- 2025 Sick Luke NELLA TRAPPOLA (Red Bull 64 Bars)
22%
Nessun quiz corrispondente trovato
Distribuzione punteggi
Percentuale di utenti per punteggio
Percentile per numero di risposta
I tuoi punteggi nel tempo
Non hai fatto questo quiz dall'ultimo reset